Survey and repair of traditional buildings: a sustainable approach (Record no. 102694)

MARC details
000 -LEADER
fixed length control field 01041cam a2200253 4500
008 - FIXED-LENGTH DATA ELEMENTS--GENERAL INFORMATION
fixed length control field 030318n2003 000 0 eng u
020 ## - INTERNATIONAL STANDARD BOOK NUMBER
International Standard Book Number 1873394500
035 ## - SYSTEM CONTROL NUMBER
System control number (Sirsi) u121661
041 ## - LANGUAGE CODE
Language code of text/sound track or separate title eng.
100 ## - MAIN ENTRY--PERSONAL NAME
Personal name Oxley, Richard
245 ## - TITLE STATEMENT
Title Survey and repair of traditional buildings: a sustainable approach
260 ## - PUBLICATION, DISTRIBUTION, ETC.
Place of publication, distribution, etc. Donhead
Name of publisher, distributor, etc. Donhead
Date of publication, distribution, etc. 2003
300 ## - PHYSICAL DESCRIPTION
Extent xv, 202p.
Other physical details ill.
Dimensions 28cm.
350 ## - PRICE (NR) (BK AM CF MU VM SE) [OBSOLETE]
Price 39.50
520 ## - SUMMARY, ETC.
Summary, etc. Highlights the factors to be taken into account when surveying and repairing traditional buildings. Emphasizes the approach required to achieve sustainable solutions. Includes case studies illustrating good conservation in practice, along with the problems that can be encountered and how to overcome these.
650 ## - SUBJECT ADDED ENTRY--TOPICAL TERM
Topical term or geographic name entry element TRADITIONAL BUILDINGS
650 ## - SUBJECT ADDED ENTRY--TOPICAL TERM
Topical term or geographic name entry element BUILDING REPAIRS
650 ## - SUBJECT ADDED ENTRY--TOPICAL TERM
Topical term or geographic name entry element SUSTAINABLE CONSERVATION
650 ## - SUBJECT ADDED ENTRY--TOPICAL TERM
Topical term or geographic name entry element SURVEYING METHODS
650 ## - SUBJECT ADDED ENTRY--TOPICAL TERM
Topical term or geographic name entry element SUSTAINABLE BUILDING
690 ## - LOCAL SUBJECT ADDED ENTRY--TOPICAL TERM (OCLC, RLIN)
Topical term or geographic name as entry element BUILT ENVIRONMENT-BUILDING MAINTENANCE AND REFURBISHMENT-BUILDING CONSERVATION
942 ## - ADDED ENTRY ELEMENTS (KOHA)
Suppress in OPAC 0
Holdings
Withdrawn status Lost status Source of classification or shelving scheme Damaged status Not for loan Home library Current library Shelving location Date acquired Cost, normal purchase price Total Checkouts Full call number Barcode Date last seen Date last checked out Copy number Cost, replacement price Price effective from Koha item type
    Dewey Decimal Classification     London London Books 17/06/2003 34.00 31 F690.241 OXL 30068493 06/08/2019 09/11/2009 1 34.00 06/08/2019 Book